000 00421nam a2200181 4500
005 20260219162503.0
008 CUC123
020 _a9780071283175
050 _aHF 5636.M37 MAR
_b1
100 _aMARSHALL,H.DAVID
245 _aACCOUNTING:
_bWHAT THE NUMBERS MEAN
250 _a8TH
260 _aBOSTON
_bMcGraw- Hill
_c2008c
300 _axx,742p
500 _aindex,
700 _aMcMANUS W. WAYNE
942 _2lcc
_cBK
_n0
999 _c8749
_d8749